=LDR 00000nam 2200000 4500 =001 NUTBA000000000000777 =005 20160419182130.0 =006 =007 =008 =020 ##$$a 978-979-25-4888-2 =035 ##$$0010-041400000000047 =082 ##$$a371.2 =100 ##$$aZAZIN, NUR =245 ##$$aGERAKAN MENATA MUTU PENDIDIKAN =260 ##$$a YOGYAKARTA $b AR-RUZZ-MEDIS $c 2011 =300 ##$$a 248 HLM =440 ##$$aGERAKAN MENATA MUTU PENDIDIKAN =700 ##$$aZAZIN, NUR =990 ##$$a 93619/BPAP-NTB/2014 =990 ##$$a 21400613/BPAP-NTB/20142014 =990 ##$$a 0001/BPAP-NTB/20142014 =990 ##$$a 0001/BPAP-NTB/20142015 =990 ##$$a 0001/BPAP-NTB/2015